[Event "A tournament for new players only"]
[Site "SchemingMind.com"]
[Date "2004.07.28"]
[Round "-"]
[White "squadri"]
[Black "CLewis73"]
[Result "1/2-1/2"]
[WhiteCountry "ARG"]
[BlackCountry "ENG"]
[WhiteElo "1913"]
[WhiteRD "99"]
[BlackElo "1921"]
[BlackRD "107"]
[GameID "3108"]

1. e4 c5 2. Nf3 d6 3. d4 cxd4 4. Nxd4 Nf6 5. Nc3 a6 6. Bg5 e6 7. f4 Be7 8. Qf3 Qc7 9. O-O-O Nbd7 10. g4 b5
11. Bxf6 Bxf6 12. g5 Be7 13. f5 Ne5 14. Qg3 b4 15. Nce2 h6 16. gxh6 g5 17. fxe6 fxe6 18. h4 Rxh6 19. Bh3 gxh4 20. Qg8+ Bf8
21. Rdf1 Qe7 22. Nf4 Qg7 23. Rhg1 Qxg8 24. Rxg8 Rf6 25. Ndxe6 Bxe6 26. Nxe6 Rxf1+ 27. Bxf1 Kf7 28. Rxf8+ Rxf8 29. Nxf8 Kxf8 30. Kd2 Ke7
31. Bxa6 h3 32. Bf1 Nc4+ 33. Ke2 h2 34. Bg2 Nxb2 35. Kf2 Ke6 36. Kg3 Ke5 37. Kxh2 Kf4 38. Kg1 Nd1 39. Bf1 Kxe4 40. Bc4 Ne3
41. Bb3 d5 42. Kf2 d4 43. Ke2 Ng2 44. Kd2 Nf4 45. Kc1 Nd5 46. Bxd5+=
1/2-1/2

[Event "A tournament for new players only"]
[Site "SchemingMind.com"]
[Date "2004.07.27"]
[Round "-"]
[White "AdamMorris"]
[Black "CLewis73"]
[Result "0-1"]
[WhiteCountry "ENG"]
[BlackCountry "ENG"]
[WhiteElo "1167"]
[WhiteRD "131"]
[BlackElo "1801"]
[BlackRD "137"]
[GameID "3109"]

1. e4 c5 2. d4 cxd4 3. Qxd4 Nc6 4. Qe3 d6 5. Bb5 Bd7 6. Na3 Nf6 7. Nc4 e6 8. Bxc6 Bxc6 9. h3 Bxe4 10. Ne2 Bxg2
11. Rg1 Bc6 12. Bd2 g6 13. O-O-O Nd5 14. Qa3 Nb6 15. Nxb6 axb6 16. Qb3 Bd5 17. Qb5+ Qd7 18. Qxd7+ Kxd7 19. a3 Bf3 20. Rde1 Bg7
21. Nc3 Bc6 22. Ne4= f5 23. Ng5 Bd5 24. Nf7 Rhg8 25. Ng5= h6 26. Nf3 Bxf3 27. Rxg6 Bxb2+ 28. Kxb2 Rxg6 29. Bf4 Ra4 30. Re3 Rxf4
31. h4 Rg2 32. Kb3 Rxf2
0-1

[Event "A tournament for new players only"]
[Site "SchemingMind.com"]
[Date "2004.07.27"]
[Round "-"]
[White "fretless"]
[Black "CLewis73"]
[Result "1-0"]
[WhiteCountry "NOR"]
[BlackCountry "ENG"]
[WhiteElo "1915"]
[WhiteRD "108"]
[BlackElo "1801"]
[BlackRD "137"]
[GameID "3111"]

1. e4 c5 2. Nf3 d6 3. d4 cxd4 4. Nxd4 Nf6 5. Nc3 a6 6. Bg5 e6 7. f4 Be7 8. Qf3 Qc7 9. O-O-O Nbd7 10. Bd3 b5
11. Rhe1 Bb7 12. Nd5 exd5 13. Nf5 dxe4 14. Bxe4 Nxe4 15. Rxe4 Ne5 16. Nxg7+ Kf8 17. Ne6+ fxe6 18. fxe5+ Ke8 19. Qh5+ Kd7 20. Rf4 Qc5
21. Rf7 Rae8 22. Bxe7 Rxe7 23. Rxe7+ Kxe7 24. exd6+ Qxd6 25. Qg5+
1-0

[Event "A tournament for new players only"]
[Site "SchemingMind.com"]
[Date "2004.07.28"]
[Round "-"]
[White "lea_dc"]
[Black "CLewis73"]
[Result "0-1"]
[WhiteCountry "ARG"]
[BlackCountry "ENG"]
[WhiteElo "1553"]
[WhiteRD "129"]
[BlackElo "1801"]
[BlackRD "137"]
[GameID "3112"]

1. e4 c5 2. Nf3 d6 3. d4 cxd4 4. Nxd4 Nf6 5. Nc3 a6 6. Be2 e6 7. O-O Be7 8. Be3 O-O 9. f4 Nbd7 10. h3 Qc7
11. g4 b5 12. f5 Nc5 13. g5 Nfxe4 14. Nxe4 Nxe4 15. f6 gxf6 16. gxf6 Bxf6 17. Bd3 d5 18. Rf3 Kh8 19. Qe2 Rg8+ 20. Kh1 Ng3+
21. Rxg3 Qxg3 22. Qf1 Be5 23. Nf3 Bb7 24. Bd4 Bxd4 25. Nxd4 Qh4 26. c3 Rg3 27. Kh2 Rag8 28. Rd1 Re3 29. Be2 Qg3+
0-1

[Event "A tournament for new players only"]
[Site "SchemingMind.com"]
[Date "2004.07.27"]
[Round "-"]
[White "willygor"]
[Black "CLewis73"]
[Result "0-1"]
[WhiteCountry "ARG"]
[BlackCountry "ENG"]
[WhiteElo "1629"]
[WhiteRD "151"]
[BlackElo "1801"]
[BlackRD "137"]
[GameID "3113"]

1. e4 c5 2. f4 e6 3. Nf3 d5 4. Bb5+ Bd7 5. Bxd7+ Nxd7 6. e5 Ne7 7. O-O Nf5 8. d3 Be7 9. Nc3 O-O 10. Qe2 a6
11. Bd2 b5 12. h3 Ng3
0-1